000 00562nam a2200217Ia 4500
003 OSt
005 20260526115215.0
008 210210b1991 xxu||||| |||| 00| 0 eng d
040 _cAL
041 _aEnglish
082 _aS891.2 BHAT
100 _aBHASA.
_9264581
245 _aThirteen plays of Bhasa:
260 _aDelhi.
_bMotilal Banarsidass Publishers.,
_c1991
300 _aviii,181
650 _aBhasa
_9264582
690 _aSanskrit Drama
_9264583
700 _a tr by A C Woolner and Lakshman Sarup.
_9264584
906 _a050785
942 _2ddc
_cBK
999 _c99016
_d99016